000 00452nam a2200169Ia 4500
008 090123s9999 xx 000 0 und d
082 _b1700
100 _aसावंत अमृत
245 _aरंग का पता
250 _a0
300 _a164
600 _aसावंत अमृत
630 _aरंग का पता
700 _aसावंत अमृत
730 _aरंग का पता
942 _cBOOK
999 _c39782
_d39782